000 00299nam a2200133Ia 4500
003 OSt
005 20231107071619.0
008 170524s9999 xx 000 0 und d
020 _a9788129710947
040 _cIIMT UNIVERSITY
100 _aSTALLING- W.
245 0 _aOPERATING SYSYEM
942 _2ddc
_c02
999 _c3427
_d3427